[Event "Berlin-ch Seniors op 36th"]
[Site "Berlin"]
[Date "2020.01.29"]
[Round "2.9"]
[White "Kollberg, Lothar"]
[Black "Oppermann, Peter"]
[Result "1-0"]
[WhiteElo "2058"]
[BlackElo "1844"]
[PlyCount "55"]
[EventDate "2020.01.28"]
[EventType "swiss"]
[EventRounds "9"]
[EventCountry "GER"]
[SourceTitle "EXT 2024"]
[Source "ChessBase"]
[SourceDate "2023.10.10"]
[SourceVersion "1"]
[SourceVersionDate "2023.10.10"]
[SourceQuality "1"]

1. d4 Nf6 2. c4 g6 3. g3 c6 4. Bg2 d5 5. cxd5 cxd5 6. Nc3 Bg7 7. Nf3 0-0 8. Ne5 e6 9. 0-0 Nbd7 10. Nd3 a6 11. a4 b6 12. b3 Bb7 13. Ba3 Re8 14. Rc1 e5 15. dxe5 Nxe5 16. Nf4 Bh6 17. e3 Rc8 18. Ncxd5 Rxc1 19. Bxc1 Nxd5 20. Bxd5 Qc7 21. Bxb7 Qxb7 22. Qd5 Qc7 23. Rd1 Bg5 24. Ba3 Qc2 25. Rc1 Qa2 26. Bd6 Ng4 27. Rf1 Rxe3 28. Qxg5 1-0

[Event "Berlin-ch Seniors op 35th"]
[Site "Berlin"]
[Date "2019.02.01"]
[Round "4"]
[White "Oppermann, Peter"]
[Black "Schulz, Hartmut"]
[Result "0-1"]
[WhiteElo "1845"]
[BlackElo "2070"]
[PlyCount "24"]
[EventDate "2019.01.29"]
[EventType "swiss"]
[EventRounds "9"]
[EventCountry "GER"]
[SourceTitle "CBM 189 Extra"]
[Source "ChessBase"]
[SourceDate "2019.06.03"]
[SourceVersion "1"]
[SourceVersionDate "2019.06.03"]
[SourceQuality "1"]

1. d4 d5 2. Nf3 Nf6 3. e3 Bg4 4. Bd3 e6 5. Nbd2 Nbd7 6. h3 Bh5 7. 0-0 Bd6 8. e4 dxe4 9. Nxe4 Nxe4 10. Bxe4 c6 11. Re1 0-0 12. Bxh7+ Kxh7 0-1

[Event "Berlin-ch Seniors op 35th"]
[Site "Berlin"]
[Date "2019.01.30"]
[Round "2"]
[White "Oppermann, Peter"]
[Black "Badestein, Hartmut"]
[Result "1-0"]
[WhiteElo "1845"]
[BlackElo "2038"]
[PlyCount "83"]
[EventDate "2019.01.29"]
[EventType "swiss"]
[EventRounds "9"]
[EventCountry "GER"]
[SourceTitle "CBM 189 Extra"]
[Source "ChessBase"]
[SourceDate "2019.06.03"]
[SourceVersion "1"]
[SourceVersionDate "2019.06.03"]
[SourceQuality "1"]

1. d4 c5 2. d5 Nf6 3. g3 g6 4. Bg2 d6 5. c4 Bg7 6. Nc3 0-0 7. e4 a6 8. a4 e5 9. Nge2 Nh5 10. 0-0 f5 11. f4 Nd7 12. exf5 gxf5 13. Qc2 exf4 14. Nxf4 Nxf4 15. Bxf4 Ne5 16. b3 Bd7 17. Rae1 Qc7 18. Ne2 Rae8 19. Bd2 Ng4 20. h3 Ne3 21. Bxe3 Rxe3 22. Rf3 Rfe8 23. Rxe3 Rxe3 24. Kf2 Re7 25. Qd2 Qd8 26. Nf4 Bd4+ 27. Kf1 Rxe1+ 28. Qxe1 Be5 29. Ne6 Qf6 30. Bf3 Qh6 31. Kg2 Qg6 32. Kh2 Bxe6 33. dxe6 Kg7 34. Bxb7 f4 35. gxf4 Bxf4+ 36. Kh1 Qg3 37. Qxg3+ Bxg3 38. Bxa6 Be1 39. Kg2 Kf6 40. Bc8 Ba5 41. Kf3 Bd2 42. Ke4 1-0